KOHA-Header-6

Quantum Computing for Programmers (Record no. 13604)

000 -LEADER
fixed length control field 00317nam a22001337a 4500
020 ## - INTERNATIONAL STANDARD BOOK NUMBER
ISBN 978-1-009-09817-5
082 ## - DEWEY DECIMAL CLASSIFICATION NUMBER
Classification number 006.3
Item number HUN
100 ## - MAIN ENTRY--AUTHOR NAME
Personal name Robert Hundt
245 ## - TITLE STATEMENT
Title Quantum Computing for Programmers
260 ## - PUBLICATION, DISTRIBUTION, ETC. (IMPRINT)
Place of publication UK
Name of publisher Cambridge University
Year of publication 2022
300 ## - PHYSICAL DESCRIPTION
Number of Pages 360 Pages
650 ## - SUBJECT ADDED ENTRY--TOPICAL TERM
Topical Term Programming,
942 ## - ADDED ENTRY ELEMENTS (KOHA)
Koha item type Books
Holdings
Withdrawn status Lost status Collection code Permanent Location Current Location Shelving location Date acquired Full call number Accession Number Koha item type
    Computer Science MAJU MAJU Shelf No.A32 2022-12-19 006.3 HUN 10659 Books

Powered by Koha